000 00587nam a2200217 a 4500
999 _c7981
_d7981
001 7981
003 BD-JhCC
005 20180217105735.0
008 180217s1973 b |||| || | 000 0 eng d
035 _a(BD-JhCC)7981
040 _aBD-JhCC
_dBD-JhCC
041 _aeng
082 _a320.9549205
_bUMA 1973
100 _aUmar, Badruddin
245 _aPolitics and Society in East Pakistan and Bangladesh /
_cBadruddin Umar,
260 _aDacca :
_bMowla Brothers,
300 _a344 p. :
_c23 cm.
650 _aPolitics and Government
_zBangladesh
942 _2ddc
_cBK